000 00344nam a2200145Ia 4500
008 151213s9999 xx 000 0 und d
100 _aV.P .Bharatiya
245 _aMuslim Law
_cV.P .Bharatiya
260 _aNew Dilhi
_bEastern Book
_c2004
300 _a2081 p.
650 _aLaw
650 _aLaw
700 _aV.P .Bharatiya
999 _c1531
_d1531